Т. 42, № 2; Трение и износ

Opis bibliograficzny
Parent link:Трение и износ: научный журнал/ Национальная Академия наук Беларуси (НАНБ, НАН Беларуси); Российская академия наук (РАН). Т. 42, № 2.— , 1980-1996, 1999, 2001-2017, 2020-
Streszczenie:Режим доступа: по договору с организацией-держателем ресурса
Język:rosyjski
Wydane: 2021
Dostęp online:https://www.elibrary.ru/contents.asp?id=45800877
Format: MixedMaterials Elektroniczne Książka
KOHA link:https://koha.lib.tpu.ru/cgi-bin/koha/opac-detail.pl?biblionumber=586424

MARC

LEADER 00000nam2a2200000 4500
001 586424
005 20231101131403.0
035 |a (RuTPU)RU\TPU\prd\288951 
035 |a RU\TPU\prd\288848 
090 |a 586424 
100 |a 20210604a19809999k y0rusy50 ca 
101 0 |a rus 
102 |a BY 
200 0 |a Т. 42, № 2 
210 |d 2021 
333 |a Режим доступа: по договору с организацией-держателем ресурса 
461 1 |0 (RuTPU)RU\TPU\prd\2401  |t Трение и износ  |o научный журнал  |f Национальная Академия наук Беларуси (НАНБ, НАН Беларуси); Российская академия наук (РАН)  |v Т. 42, № 2  |d 1980-1996, 1999, 2001-2017, 2020- 
801 0 |a RU  |b 63413507  |c 20010227  |g PSBO 
801 1 |a RU  |b 63413507  |c 20170904 
801 2 |a RU  |b 63413507  |c 20210604  |g RCR 
856 4 0 |u https://www.elibrary.ru/contents.asp?id=45800877 
942 |c BK